000 00726nam a22001817a 4500
003 UA-OsUOA
001 9738
007 ta
008 20041130b un ||||| |||| 00| 0 ukr d
100 _aКоржанський М.
942 _cSA
040 _aUA-OsUOA
_cUA-OsUOA
_dUA-OsUOA
245 _aПраво . Наука . Закон : ( Законодавчі положення Кримінального кодексу України , які не мають наукових і правових обгрунтувань )
_cМ. Коржанський; Д. Лещенко
300 _aС.103-106
955 _a0
773 0 _w0
_tПраво України
_dКиїв
_d2004
_gN11
650 7 _aКримінальне право
_2UDC
999 _c295899
_d295899